Čím je pro tebe tvá kariéra ?
Filozofia riadenia kariéry vo firme Hilti, ktorá je popredným svetovým výrobcom profesionálneho stavebného náradia a špeciálnych produktov do stavebníctva. Celosvetový obrat spoločnosti presahuje 4 miliardy švajčiarskych frankov. Spoločnosť zamestnáva 20 tisíc ľudí v 120 krajinách sveta, vrátane Čes...
Salvato in:
| Autore principale: | |
|---|---|
| Natura: | Capitolo di libro |
| Lingua: | ceco |
| Soggetti: | |
| Tags: |
Nessun Tag, puoi essere il primo ad aggiungerne!!
|
MARC
| LEADER | 00000naa$a2200000$$$4500 | ||
|---|---|---|---|
| 001 | 0098876 | ||
| 005 | 20231113131822.7 | ||
| 041 | 0 | |a cze | |
| 044 | |a CZ | ||
| 245 | 1 | 0 | |a Čím je pro tebe tvá kariéra ? |c Jan Radil |
| 520 | |a Filozofia riadenia kariéry vo firme Hilti, ktorá je popredným svetovým výrobcom profesionálneho stavebného náradia a špeciálnych produktov do stavebníctva. Celosvetový obrat spoločnosti presahuje 4 miliardy švajčiarskych frankov. Spoločnosť zamestnáva 20 tisíc ľudí v 120 krajinách sveta, vrátane Česka a Slovenska. Kariéra v zmysle rozvoja ľudí vo firme. Transparentný systém rozvoja ľudských zdrojov. | ||
| 610 | 2 | 0 | |a kariéra |
| 610 | 2 | 0 | |a filozofia |
| 610 | 2 | 0 | |a riadenie ľudských zdrojov |
| 610 | 2 | 0 | |a firmy |
| 100 | 1 | |a Radil, Jan | |